Les Îles de Lérins : culture générale - Statistiques

Statistiques générales
  • Ce quiz a été pris 5 fois
  • Le résultat moyen est 12 sur 16
Statistiques - réponses
Questions Réponses % Correct
Ville qui fait face aux îles de Lérins. Cannes
100%
Mer dans laquelle baignent les îles de Lérins. La Mer Méditerranée
100%
Arbre originaire d'Australie que l'on retrouve sur la plus grande des îles de Lérins depuis le XIXe siècle. Une allée porte son nom. L'Eucalyptus
100%
Célèbre personnage qui fut débarqué prisonnier en 1687 sur le "Fort Royal" dans la plus grande des îles de Lérins et ce jusqu'en 1698 : l'homme au _____ __ ___. L'Homme au masque de fer
100%
Ville sur le Rhône, célèbre pour ses arènes romaines, d'où est originaire le saint qui donna son nom à la plus petite des deux îles de Lérins (sans compter les îlots et rochers), où il fonda l'abbaye de Lérins. Il fut également évêque de cette ville (au Ve siècle). Arles
80%
Prison parisienne vers laquelle le célèbre prisonnier cité plus haut est finalement transféré depuis la grande île de Lérins à partir de 1698, le précédent ayant obtenu la charge de gouverneur de cette prison. La Bastille
80%
Golfes que séparent le cap cité à la question précédente et donc les îles elles-mêmes. Le Golfe Juan
80%
Pays qui occupa les îles de Lérins entre 1635 et 1637. L'Espagne
80%
Noms des deux grandes îles de Lérins (sans compter les îlots et rochers qui les entourent). Sainte-Marguerite
80%
Noms des deux grandes îles de Lérins (sans compter les îlots et rochers qui les entourent). Saint-Honorat
80%
Célèbre voie qui longe les plages de la ville précédente, ainsi nommée d'après le cap situé à l'est de la ville et qui fait précisément face aux îles de Lérins. La Croisette
60%
Emblème de l'abbaye de Lérins et de son vignoble, emblème dont s'est inspiré le célèbre festival cinématographique dans la ville qui fait face aux îles (réponse #3). La Palme
60%
Union des trois Personnes divines. Une chapelle Lui est dédiée sur la plus petite des deux îles de Lérins. La Trinité
60%
Apôtre du Christ, récipiendaire des "clefs" qui donne son nom au quai qui mène directement au quai Laubeuf, où se trouve le débarcadère d'où des navettes mènent aux deux îles de Lérins. Ces quais sont bien sûr situés dans la ville citée en réponse #3. Saint Pierre
60%
Golfes que séparent le cap cité à la question précédente et donc les îles elles-mêmes. Le Golfe de La Napoule
40%
Geôlier du précédent qui l'emmena depuis le Fort d'Exilles dans les Alpes jusque sur cette île. Bénigne d'Auvergne de Saint-Mars
20%
Aucun quiz correspondant
Distribution des résultats
% des personnes avec chaque résultat
Percentile par nombre de réponses
Votre historique - résultats
Vous n’avez pas pris ce quiz